[Event "AUTO-OPEN-4647"]
[Site "http://www.queenalice.com/game.php?id=1871638"]
[Date "2026.4.8"]
[Round "1"]
[White "wj64"]
[Black "askasl159"]
[Result "0-1"]
[WhiteElo "1653"]
[BlackElo "1741"]

1. e4 e5 2. Nf3 Nc6 3. c3 Nf6 4. Qc2 Bc5 5. b4 Bb6 6. Ba3 h6 7. b5 d6 8. Bc4 O-O
9. O-O Na5 10. Bd3 a6 11. c4 c6 12. Bxd6 Qxd6 13. Qc3 cxb5 0-1

[Event "AUTO-OPEN-4647"]
[Site "http://www.queenalice.com/game.php?id=1871639"]
[Date "2026.4.8"]
[Round "1"]
[White "askasl159"]
[Black "wj64"]
[Result "1-0"]
[WhiteElo "1753"]
[BlackElo "1641"]

1. e4 e5 2. f4 exf4 3. Nf3 f6 4. Bc4 Qe7 5. Nc3 d6 6. d4 g5 7. h3 Nc6 8. a3 Qg7
9. Qd3 a6 10. Nh2 b5 11. Bb3 Nge7 12. Nd5 Ra7 13. Bd2 1-0

[Event "AUTO-OPEN-4647"]
[Site "http://www.queenalice.com/game.php?id=1871640"]
[Date "2026.4.8"]
[Round "1"]
[White "wj64"]
[Black "josebaron"]
[Result "0-1"]
[WhiteElo "1683"]
[BlackElo "2184"]

1. e4 e5 2. Nf3 Nc6 3. c3 Bc5 4. Qe2 Nf6 5. b4 Bb6 6. Qc4 d6 7. h3 Be6 8. Qd3 d5
9. exd5 Bxd5 10. Qf5 Bxf3 11. Qxf3 e4 12. Qg3 O-O 13. Ba3 Re8 14. Bb5 Qd7 15.
O-O a6 16. Be2 Ne5 17. Kh1 Nd3 18. Bg4 Nxg4 19. hxg4 Re6 20. c4 Qd4 21. Nc3
Nxf2+ 22. Rxf2 e3 23. Re2 Qxc4 24. Ree1 Rae8 25. g5 h6 26. Bc1 hxg5 27. Kg1
exd2+ 28. Re3 Rxe3 29. Qxe3 Bxe3+ 30. Kh2 Qh4# 0-1

[Event "AUTO-OPEN-4647"]
[Site "http://www.queenalice.com/game.php?id=1871641"]
[Date "2026.4.8"]
[Round "1"]
[White "josebaron"]
[Black "wj64"]
[Result "1-0"]
[WhiteElo "2187"]
[BlackElo "1608"]

1. e4 e5 2. Nf3 Nc6 3. Bb5 Nge7 4. O-O a6 5. Bxc6 Nxc6 6. Re1 Bc5 7. Nxe5 Nxe5
8. d4 Qe7 9. dxe5 Qxe5 10. Nc3 d6 11. Nd5 O-O 12. Nxc7 Ra7 13. Nd5 b5 14. c3 h5
15. Kh1 Bxf2 16. Rf1 Bh4 17. Be3 Bg4 18. Qd2 Rd7 19. Qc2 f5 20. h3 Bxh3 21. gxh3
fxe4 22. Rxf8+ Kxf8 23. Nf4 Kf7 24. Rf1 Ke8 25. Ng6 Qf6 26. Rxf6 gxf6 27. Qxe4+
Kf7 28. Nxh4 Re7 29. Qg6+ Ke6 30. Bd4 Kd7 31. Nf5 Re1+ 32. Bg1 Re6 33. Qf7+ 1-0

[Event "AUTO-ADV-4929"]
[Site "http://www.queenalice.com/game.php?id=1871727"]
[Date "2026.4.8"]
[Round "1"]
[White "wj64"]
[Black "mvson33"]
[Result "0-1"]
[WhiteElo "1614"]
[BlackElo "1865"]

1. e4 d5 2. Bd3 dxe4 3. Bxe4 Nf6 4. Nc3 e6 5. Qf3 c6 6. Nge2 Be7 7. d4 O-O 8. b3
Nbd7 9. Nf4 Nxe4 10. Nxe4 Nf6 11. Nxf6+ Bxf6 12. Bb2 Bd7 13. Ba3 Re8 14. Ne2 Be7
15. b4 Rc8 16. c4 Qc7 17. c5 e5 18. Bb2 Bf6 19. O-O exd4 20. Rae1 h6 0-1

[Event "AUTO-ADV-4929"]
[Site "http://www.queenalice.com/game.php?id=1871728"]
[Date "2026.4.8"]
[Round "1"]
[White "mvson33"]
[Black "wj64"]
[Result "1-0"]
[WhiteElo "1858"]
[BlackElo "1621"]

1. e4 e5 2. Nf3 Nc6 3. Bc4 Qf6 4. O-O Bc5 5. Nc3 h6 6. a3 g5 7. d3 g4 8. Nd5 Qd6
9. Nh4 Nge7 10. Nxe7 Qxe7 11. Nf5 Qf8 12. Qe2 h5 13. Be3 Bxe3 14. Qxe3 d6 15.
Rae1 Bxf5 16. exf5 f6 17. Bb5 Qe7 18. Qe4 Qd7 19. d4 O-O-O 20. d5 1-0

[Event "AUTO-ADV-4929"]
[Site "http://www.queenalice.com/game.php?id=1871730"]
[Date "2026.4.8"]
[Round "1"]
[White "Capixabba789"]
[Black "wj64"]
[Result "1-0"]
[WhiteElo "1826"]
[BlackElo "1629"]

1. d4 e6 2. e4 d6 3. c4 Nf6 4. Nc3 e5 5. d5 Nbd7 6. Nf3 Nc5 7. Bd3 Bg4 8. O-O g6
9. Re1 Bg7 10. Bc2 Bxf3 11. Qxf3 Qd7 12. Bg5 Nh5 13. Nb5 f6 14. Be3 b6 15. a4 c6
16. Nc3 a5 17. g4 Nf4 18. Bxf4 exf4 19. Qxf4 g5 20. Qf3 O-O-O 21. e5 fxe5 22.
Bf5 Rhf8 23. Bxd7+ Rxd7 24. Qh3 Bf6 25. Ne4 Nb3 26. Qxb3 Bd8 27. dxc6 Ra7 28.
Nxd6+ Kc7 29. Nb5+ Kb8 30. Nxa7 Kxa7 31. Rxe5 Rf4 32. h3 Bc7 33. Re7 Kb8 34.
Rxh7 Rf8 35. Qb5 Rc8 36. Qa6 1-0

[Event "AUTO-INT-3966"]
[Site "http://www.queenalice.com/game.php?id=1872075"]
[Date "2026.4.16"]
[Round "1"]
[White "wj64"]
[Black "jenyasm"]
[Result "0-1"]
[WhiteElo "1681"]
[BlackElo "1714"]

1. e4 e5 2. c3 Nc6 3. Bc4 h6 4. Qf3 Nf6 5. Ne2 d6 6. h3 Na5 7. Na3 Nxc4 8. Nxc4
b6 9. Ng3 Bb7 10. d3 Qd7 11. Nf5 O-O-O 12. Nd2 g6 13. Ne3 Bg7 14. g4 Ba6 15. c4
g5 16. Nf5 Rhg8 17. b3 Bf8 0-1

[Event "AUTO-INT-3966"]
[Site "http://www.queenalice.com/game.php?id=1872076"]
[Date "2026.4.16"]
[Round "1"]
[White "jenyasm"]
[Black "wj64"]
[Result "1-0"]
[WhiteElo "1729"]
[BlackElo "1666"]

1. e4 e5 2. Nf3 Qf6 3. d3 h6 4. h3 Bc5 5. a3 a5 6. Nc3 c6 7. Qe2 b5 8. Be3 Qe7
9. g3 Bxe3 10. Qxe3 Ra6 11. Bg2 f6 12. O-O Bb7 13. Nh4 Qf7 14. Nf5 Qf8 15. b4
axb4 16. axb4 Rxa1 17. Rxa1 Qxb4 18. Nd1 Rh7 19. c3 1-0